| 000 | 00507nam a2200181 a 4500 | ||
|---|---|---|---|
| 005 | 20220603063647.0 | ||
| 008 | 080424s1983 mx r 000 0 spa d | ||
| 020 | _a9682414873 | ||
| 035 | _aUPN01000155614 | ||
| 049 | _aI | ||
| 050 | 4 |
_aPZ8 _bR6.2 |
|
| 100 | 1 |
_aRobles Boza, Eduardo, _d1941-2012 _929633 |
|
| 245 | 1 | 1 |
_a¿A dónde vas, Tomás? / _cEduardo Robles Boza. |
| 260 |
_aMéxico : _bTrillas, _c1983. |
||
| 300 |
_a[31] p. : _bil., col. |
||
| 650 | 4 |
_aCuentos infantiles _96744 |
|
| 905 | _aInfantil | ||
| 999 |
_c127729 _d127729 |
||